History Quiz

Random History or Nation Quiz

Ottoman-Habsburg Wars Countries Quiz Stats

 Plays Quiz not verified by Sporcle

Score 0/21 Timer 10:00
0 Plays Today
Allegiance Nation % Correct
Anti-Ottoman AllianceAustria
94.4%
Anti-Ottoman AllianceHungary
87.9%
Anti-Ottoman AllianceRussia
85.5%
Ottomans and VassalsOttoman Empire
85.5%
Anti-Ottoman AlliancePoland-Lithuania
83.1%
Anti-Ottoman AllianceSpain
75%
Anti-Ottoman AllianceVenice
67.7%
Anti-Ottoman AllianceCroatia
55.6%
Anti-Ottoman AllianceMoldavia
52.4%
Ottomans and VassalsMoldavia
52.4%
Anti-Ottoman AllianceWallachia
51.6%
Allegiance Nation % Correct
Ottomans and VassalsWallachia
51.6%
Anti-Ottoman AllianceGenoa
48.4%
Ottomans and VassalsCrimean Khanate
48.4%
Anti-Ottoman AllianceBohemia
47.6%
Anti-Ottoman AllianceTransylvania
42.7%
Ottomans and VassalsTransylvania
42.7%
Anti-Ottoman AllianceOrder of St John
37.1%
Anti-Ottoman AllianceCossack Hetmanate
19.4%
Ottomans and VassalsCossack Hetmanate
19.4%
Ottomans and VassalsTripolitania
15.3%

You're not logged in!

Compare scores with friends on all Sporcle quizzes.
OR
Log In

Sporcle TV

Today on Sporcle TV


Watch our educational content, quiz creation guides, and fun videos on Sporcle TV.

Show Comments

Extras

Top Quizzes Today


Score Distribution

Your Account Isn't Verified!

In order to create a playlist on Sporcle, you need to verify the email address you used during registration. Go to your Sporcle Settings to finish the process.

Report this User

Report this user for behavior that violates our Community Guidelines.

Details: